00394nam a2200145Ia 4500003000400000005001700004008004100021040000900062082002000071100002700091245005700118260004700175300001400222650001200236OSt20211201114006.0190216s9999||||xx |||||||||||||| ||und|| coclc a894.8123bBAL/C aBalakrishnan, Kalpatta 0aCharithranovel Malayalathil /cKalpatta Balakrishnan bKerala Sahithya Academy,aThrissur:c1986. a339 pages aPadanam